Franchi,Vije (Record no. 85195)

MARC details
000 -LEADER
fixed length control field 00306nam a2200109Ia 4500
082 ## - DEWEY DECIMAL CLASSIFICATION NUMBER
Classification number 303.60968 PREV
020 ## - INTERNATIONAL STANDARD BOOK NUMBER
International Standard Book Number 9780789021045"
008 - FIXED-LENGTH DATA ELEMENTS--GENERAL INFORMATION
fixed length control field 210816s9999 xx 000 0 und d
100 ## - MAIN ENTRY--PERSONAL NAME
Personal name Prevention and invertion practise in post Apartheid South Africa
9 (RLIN) 18919
245 #0 - TITLE STATEMENT
Title Franchi,Vije
942 ## - ADDED ENTRY ELEMENTS
item type Books

No items available.